Statistics for NCAA Men's Basketball Tournament Champions

Click here to take the quiz!

General Stats

  • This quiz has been taken 207 times
  • The average score is 59 of 78

Answer Stats

HintAnswer% Correct
1992Duke
99%
2010Duke
99%
2001Duke
99%
2015Duke
99%
1991Duke
99%
2009North Carolina
94%
1993North Carolina
94%
1982North Carolina
94%
2005North Carolina
94%
1957North Carolina
94%
1998Kentucky
92%
1958Kentucky
92%
1951Kentucky
92%
1996Kentucky
92%
1949Kentucky
92%
2012Kentucky
92%
1978Kentucky
92%
1948Kentucky
92%
1964UCLA
92%
1971UCLA
92%
1975UCLA
92%
1965UCLA
92%
1973UCLA
92%
1972UCLA
92%
1970UCLA
92%
1969UCLA
92%
1968UCLA
92%
1967UCLA
92%
1995UCLA
92%
1989Michigan
89%
1988Kansas
88%
2008Kansas
88%
1952Kansas
88%
2007Florida
85%
2006Florida
85%
2016Villanova
85%
1985Villanova
85%
1981Indiana
79%
1976Indiana
79%
1953Indiana
79%
1987Indiana
79%
1940Indiana
79%
1979Michigan State
78%
2000Michigan State
78%
2003Syracuse
74%
1999Connecticut
72%
2004Connecticut
72%
2011Connecticut
72%
2014Connecticut
72%
1939Oregon
72%
1980Louisville
71%
2013Louisville
71%
1986Louisville
71%
1990UNLV
69%
1941Wisconsin
67%
1997Arizona
66%
1984Georgetown
65%
2002Maryland
65%
1983North Carolina State
64%
1974North Carolina State
64%
1994Arkansas
60%
1960Ohio State
60%
1956San Francisco
54%
1955San Francisco
54%
1945Oklahoma State
50%
1946Oklahoma State
50%
1961Cincinnati
47%
1962Cincinnati
47%
1966UTEP
46%
1942Stanford
45%
1944Utah
45%
1959California
43%
1977Marquette
43%
1963Loyola
40%
1950CCNY
37%
1943Wyoming
35%
1954La Salle
30%
1947Holy Cross
26%

Score Distribution

Percentile by Number Answered

Percent of People with Each Score

Your Score History

You have not taken this quiz